01962pam a2200301 i 4500001001900000003000600019005001700025008004100042015001900083016001800102020003700120035002100157035002600178035001800204040003800222041000700260100003500267245003300302246007700335264003600412300002300448490002300471505023400494520084800728650004701576650001301623830002401636990222371610107026UkOxU20260128112153.0200508s2020 enk 000|0 eng|d aGBC0813322bnb7 a0198341072Uk a9780241472385qpaperbackcĐ5.99 a(UkOxU)022237161 a(UkOxU)022237161BIB01 a(Uk)019834107 aStDuBDSbengerdacStDuBDSdUkOxU aEN aSinger, Peter,d1946-eauthor.10aWhy vegan? c/ Peter Singer.34aWhy vegan? :bSo the only question is: do animals other than man suffer? 1aLondon :bPenguin Books,c2020. a84 pages ;c18 cm.1 aGreat ideas ;v120 aSo the Only Question Is: Do Animals Other Than Man Suffer? — All Animals Are Equal — Tools for Research — Down on the Factory Farm — Man’s Dominion — Speciesism — The Ethics of Diet — Becoming a Vegetarian. aSo the only question is: do animals other than man suffer? One of the great moral philosophers of the modern age, Peter Singer asks unflinching questions about how we should live our lives. The ideas collected in these writings, arguing that human tyranny over animals is a wrong comparable to racism and sexism, triggered the animal rights movement and gave impetus to the rise in vegan eating. GREAT IDEAS. Throughout history, some books have changed the world. They have transformed the way we see ourselves - and each other. They have inspired debate, dissent, war and revolution. They have enlightened, outraged, provoked and comforted. They have enriched lives - and destroyed them. Now Penguin brings you the works of the great thinkers, pioneers, radicals and visionaries whose ideas shook civilization and helped make us who we are. 0aAnimal welfarexMoral and ethical aspects. 0aVeganism 0aGreat ideas ;v120.